| 000 | 00607cam a22002173a 4500 | ||
|---|---|---|---|
| 001 | 27854 | ||
| 003 | PGUSA | ||
| 005 | 20140828083613.0 | ||
| 008 | 090120s2009||||xxu|||||s|||||000 | eng d | ||
| 040 |
_aPGUSA _beng |
||
| 042 | _adc | ||
| 050 | 4 | _aPQ | |
| 100 | 1 |
_aRolland, Romain, _d1866-1944 |
|
| 245 | 1 | 0 |
_aColas Breugnon : _bRécit bourguignon _h[electronic resource] / _cRomain Rolland |
| 260 |
_bProject Gutenberg, _c2009 |
||
| 506 | _aPublic domain in the USA. | ||
| 516 | _aElectronic text | ||
| 830 | 0 |
_aProject Gutenberg _v27854 |
|
| 856 | 4 | 0 | _uhttp://www.gutenberg.org/ebooks/27854 |
| 942 | _cEB | ||
| 999 |
_c257109 _d257109 |
||